| LEADER | 00929cas a2200241 i 4500 | ||
|---|---|---|---|
| 001 | 10772337 | ||
| 003 | GR-PaULI | ||
| 005 | 20210117211135.0 | ||
| 008 | 890225u1988 rm u 0 0rum d | ||
| 952 | |0 0 |1 0 |2 ddc |4 0 |6 792_000000000000000 |7 0 |9 242824 |a THST |b THST |d 2020-08-27 |h 55 |l 0 |o 792 |r 2020-08-27 00:00:00 |w 2020-08-27 |y JNL | ||
| 999 | |c 146511 |d 146511 | ||
| 010 | |a 52044934 | ||
| 040 | |a DLC |c CarP |d DLC |d GR-PaULI |b gre |e AACR2 | ||
| 082 | 0 | 4 | |2 23 |a 792 |
| 245 | 0 | 0 | |a Revue roumaine [Περιοδικό]. |
| 260 | |a Bucarest : |c Arta Grafica, |b 1988. | ||
| 300 | |a τχ. |b εικ. |c 24 εκ. | ||
| 310 | |a Μηνιαίο | ||
| 500 | |a Περιλαμβάνει το θεατρικό κείμενο : La douce hypocrisie de l'homme mur του Tudor Popescu. | ||
| 650 | 0 | |9 182535 |a Θέατρο |z Ρουμανία. | |
| 866 | |a Θεατρικών Σπουδών : Τομ. 42: τχ.12(1988) | ||
| 942 | |2 ddc |c JNL | ||
| 998 | |c ΜΑΝΙΑ |d 2020-08 | ||